| 000 | 00449nam a2200145 a 4500 | ||
|---|---|---|---|
| 001 | 000045089 | ||
| 005 | 20201002045853.0 | ||
| 008 | 150202s1973 nyu 000 0 spa d | ||
| 040 |
_aDO-SdBNP _bspa _cBNPHU |
||
| 082 |
_axxxx _bxxxx |
||
| 100 | 1 |
_aBeter, Peter _973107 |
|
| 245 | 1 | 0 |
_aThe conspiracy against the dollar : _bthe spirit of the New Imperialism / _cPeter Beter. |
| 260 |
_aNew York : _bGoeorge Braziller, _c1973. |
||
| 300 |
_a110 p. ; _c21 cm. |
||
| 999 |
_c44578 _d44578 |
||